[Event "Bayernliga U20 1415"]
[Site "Bayern"]
[Date "2014.12.13"]
[Round "2.2"]
[White "Dechant, Georg"]
[Black "Koehler, Max"]
[Result "0-1"]
[WhiteElo "1919"]
[BlackElo "1704"]
[PlyCount "66"]
[EventDate "2014.11.15"]
[EventType "team-tourn"]
[EventRounds "7"]
[EventCountry "GER"]
[SourceTitle "EXT 2022"]
[Source "ChessBase"]
[SourceDate "2021.10.06"]
[SourceVersion "1"]
[SourceVersionDate "2021.10.06"]
[SourceQuality "1"]
[WhiteTeam "Regensburg Bavaria U20"]
[BlackTeam "Muenchen Tarrasch U20"]
[WhiteTeamCountry "GER"]
[BlackTeamCountry "GER"]

1. e4 e6 2. d4 d5 3. e5 c5 4. c3 Nc6 5. Nf3 Qb6 6. a3 Bd7 7. b4 cxd4 8. cxd4 Nge7 9. Be3 Nf5 10. Be2 Be7 11. 0-0 Rc8 12. Qd2 a6 13. Rc1 0-0 14. Nc3 Qd8 15. Bd3 Nxe3 16. fxe3 f6 17. Qc2 h6 18. Bh7+ Kh8 19. exf6 Bxf6 20. Qd3 Be8 21. Ne2 e5 22. dxe5 Nxe5 23. Nxe5 Bxe5 24. Rxc8 Qxc8 25. Rc1 Qe6 26. Nd4 Qf6 27. Nf3 Bb5 28. Qxd5 Bb2 29. Rc7 Kxh7 30. Qxb7 Bxa3 31. h3 Bxb4 32. Nh4 Qa1+ 33. Kh2 Bd6+ 0-1

[Event "Landesliga Sued 1213 U20"]
[Site "Bayern"]
[Date "2012.10.20"]
[Round "1.3"]
[White "Koehler, Max"]
[Black "Bohn, Felix"]
[Result "1/2-1/2"]
[WhiteElo "1561"]
[BlackElo "1105"]
[PlyCount "65"]
[EventDate "2012.10.20"]
[EventType "team-tourn"]
[EventRounds "7"]
[EventCountry "GER"]
[SourceTitle "EXT 2020"]
[Source "ChessBase"]
[SourceDate "2019.10.17"]
[SourceVersion "1"]
[SourceVersionDate "2019.10.17"]
[SourceQuality "1"]
[WhiteTeam "Muenchen Tarrasch U20"]
[BlackTeam "Aichach U20"]
[WhiteTeamCountry "GER"]
[BlackTeamCountry "GER"]

1. e4 e5 2. Nf3 Nf6 3. Nxe5 Qe7 4. Nf3 Nxe4 5. Be2 d5 6. 0-0 Nc6 7. Bb5 Qc5 8. Bxc6+ Qxc6 9. Re1 Bc5 10. d4 Bd6 11. Nc3 Bb4 12. Bd2 Bxc3 13. Bxc3 0-0 14. Bb4 Re8 15. Ne5 Qb6 16. c3 a5 17. Ba3 Bf5 18. Qf3 g6 19. b3 a4 20. b4 Nd2 21. Qxd5 Be6 22. Qc5 Qxc5 23. bxc5 f6 24. Nd3 Bf5 25. Rxe8+ Rxe8 26. Re1 Rd8 27. Bc1 Nb1 28. Nf4 Nxc3 29. Bb2 Nxa2 30. Re7 Rd7 31. Rxd7 Bxd7 32. Nd5 Kf7 33. Nxc7 1/2-1/2